000 00591nam a2200205Ia 4500
003 GCL
008 140319s9999 xx 000 0 ara d
040 _aGCL /
_cGCL
082 0 4 _a401.1
_bا ل
100 1 _aاحمد مختار عمر
245 1 0 _aاللغة واختلاف الجنسين /
_cاحمد مختار عمر
700 1 _aاحمد مختار العبادى
300 _a189 ص
490 _aكتاب
_v0
650 0 4 _aالاصوات اللغوية
650 0 4 _aالصوت
650 0 4 _aالكلام
650 0 4 _aاللغة العربية - علم
942 _2ddc
_cBK
999 _c42443
_d42443